000 00844nam a2200241Ia 4500
008 191130s1999##################000#0#eng##
020 _a9780192842084
040 _aACL
_cACL
082 _a709.386 PRE
100 _aPreziosi, Donald
245 _aAegean art and architecture
_cDonald Preziosi and Louise A. Hitchcock
260 _aOxford
_bOxford University Press
_c1999
300 _aix, 251 p. : ill. en noir et en coul. ; 24 cm
500 _aIncludes bibliographical references and index
650 _aArt égéen
650 _aart grec antique -- Egée (mer, région) -- 3300 av. J.-C. / 1000 av. J.-C
650 _aart minoen -- Egée (mer, région)
650 _aart mycénien -- Egée (mer, région)
700 _aHitchcock, Louise A
990 _a5d79797dac10000c2652363c4e772e23
991 _a302794
999 _c363929
_d363929